000
00293nam a22001217a 4500
999
_c
65012
_d
65009
082
_a
297.5
_a
FAR
100
_a
A.H. FARID
_a
A.H. FARID
245
_a
PRAYERS OF MUHAMMAD
250
_a
3rd revised edition
260
_a
LAHORE
_b
Printed at Ashraf Press,lahore
_c
1974
300
_a
315
942
_c
BK